Library of the University of Algiers 3
Ibrahim Sultan Cheibout
شعار جامعة الجزائر 3
مكتبة جامعة الجزائر 3
إبراهيم سلطان شيبوط

التوقيع الالكتروني وقانون التجارة الالكترونية / (رقم التسجيلة. 45687)

تفاصيل مارك
000 -LEADER
fixed length control field 01264nam a2200241Ia 4500
003 - CONTROL NUMBER IDENTIFIER
control field Ost
005 - DATE AND TIME OF LATEST TRANSACTION
control field 20260507075655.0
008 - FIXED-LENGTH DATA ELEMENTS--GENERAL INFORMATION
fixed length control field 260507s9999||||xx |||||||||||||| ||und||
020 ## - INTERNATIONAL STANDARD BOOK NUMBER
International Standard Book Number 9957113178
040 ## - CATALOGING SOURCE
Transcribing agency fsecg
041 ## - LANGUAGE CODE
Language code of text/sound track or separate title ara
082 ## - DEWEY DECIMAL CLASSIFICATION NUMBER
Classification number 346.07
100 ## - MAIN ENTRY--PERSONAL NAME
Personal name المومني، عمر حسن
Relator term مؤلف
245 #0 - TITLE STATEMENT
Title التوقيع الالكتروني وقانون التجارة الالكترونية /
Statement of responsibility, etc. عمر حسن المومني
260 ## - PUBLICATION, DISTRIBUTION, ETC.
Place of publication, distribution, etc. عمان:
Name of publisher, distributor, etc. دار وائل للنشر والتوزيع,
Date of publication, distribution, etc. [د.ت]
300 ## - PHYSICAL DESCRIPTION
Extent 239 صفحة؛
Other physical details إيضاحات ؛
Dimensions 24 سم
520 ## - SUMMARY, ETC.
Summary, etc. التعاقد الالكتروني والتجارة الالكترونية، لمحة تمهيدية عامة، التوقيع الالكتروني الرقمي، ماهو؟ وكيف يعمل؟، التجارة الالكترونية والتوقيع الالكتروني في ضوء التشريعات الدولية وقانون المعاملات الالكترونية المؤقت رقم (85) لسنة 2001، الخلاصة والتوصيات.
653 ## - INDEX TERM--UNCONTROLLED
Uncontrolled term التجارة الإلكترونية
653 ## - INDEX TERM--UNCONTROLLED
Uncontrolled term التكنولوجيا
653 ## - INDEX TERM--UNCONTROLLED
Uncontrolled term التوقيع الإلكتروني
653 ## - INDEX TERM--UNCONTROLLED
Uncontrolled term القانون التجاري
942 ## - ADDED ENTRY ELEMENTS (KOHA)
Koha item type كتب

لا توجد مواد متاحة.

موارد الويب المفتوحة


© University of Algiers 3 All Rights Reserved
|
Implemented by LECHELAH Riad